000 00777nam a2200217 a 4500
001 14744
003 CO-ViMGA
008 141112s2004 ck r 000 u spa d
040 _aCO-ViMGA
_bspa
_cCO-ViMGA
082 0 4 _a323.2 C171
100 1 _aCasas, Ulises
_921438
245 1 0 _aLa Rebelión Latinoaméricana
260 _aBogotá.Bandera roja.1974
300 _a191.p.
505 _aSociología y psicología La rebelion indígena y comunera La revolución burguesa Latinoaméricana Luchas populares y violencia oligárquica Se instaura el socialismo en América latína El proceso revolucionario de Colombia
650 1 4 _aAmérica LATINA
_948549
650 1 4 _aPROBLEMAS SOCIALES
_92693
650 1 4 _aPSICOLOGIA SOCIAL
_93146
650 1 4 _aREVOLUCIONES
942 _2ddc
_cBK
999 _c25250
_d25250